000 00642cab a2200193 4500
001 WB2630-18
008 090401t1990 xxu||||| |||| 00| 0 eng d
035 _a(Sirsi) u29093
041 _aeng
245 _aBarclays` property lending
260 _c1990
350 _a0
490 _aFinancial Times
_v27/7/90 p12 (2)
520 _aThe largest lender to the property sector, Barclays Bank , is adapting to the present property market but is still concerned by a lack of tenants or buyers for bank finance d development s.
650 _aBANKS
690 _aPROPERTY-PROPERTY FINANCE AND INVESTMENT
942 _n0
948 _c04/03/1997
999 _c19585
_d19585